| 000 | 00791nas a2200277 4500 | ||
|---|---|---|---|
| 001 | BR0504972 | ||
| 003 | BR-BrBNA | ||
| 005 | 20231205105700.0 | ||
| 007 | ta | ||
| 008 | 230509b bl.|||p| |||| 00| 00por d | ||
| 040 |
_aBR-BrBNA _bpor _cBiblioteca Nacional de Agricultura |
||
| 041 | _a(Pt) | ||
| 072 | _aN20; T10 | ||
| 100 | 1 | _aSilva, R.P. da | |
| 100 | 1 | _aFontana, G. | |
| 100 | 1 | _aLopes, A. | |
| 100 | 1 | _aFurlani, C.E.A. | |
| 245 | 1 | _aAvaliação do nível de ruído em colhedoras combinadas | |
| 650 | _aMIHO | ||
| 650 | _aCOLHEITADEIRA | ||
| 650 | _aRUÍDO | ||
| 650 | _aMÁQUINA AGRÍCOLA | ||
| 773 | 0 |
_tEngenharia Agrícola (Brazil) _xISSN 0100-6916 _g(May-Aug 2004), v. 24(2) p. 381-387 _wBR0504972 |
|
| 909 |
_a202311 _bLúcia _c55 _dLúcia Elande |
||
| 942 |
_2AGRIS _n0 _cANA |
||
| 999 |
_c184126 _d184126 |
||